| 000 | 01399nam a2200265 u 4500 | ||
|---|---|---|---|
| 001 | 000580099 | ||
| 003 | AM-YeHGA | ||
| 005 | 20250618073423.0 | ||
| 008 | 080507s2007 ||| r 000 0 rus d | ||
| 020 | _z978-5-02-026273-7 | ||
| 040 | _aAM-YeHGA | ||
| 041 | 0 | _arus | |
| 100 | 1 |
_aԹախտաջյան, Արմեն Լևոնի, _d1910-2009 _93348 |
|
| 245 | 1 | 0 |
_aГрани эволюции : _bСтатьи по теории эволюции, 1943-2006 гг. / _cА.Л. Тахтаджян; Сост. Т.В. Вельгорская; Редкол.: В.Т. Ярмишко (пред.) и др. |
| 260 |
_aСанкт-Петербург : _bНаука, _c2007. |
||
| 300 |
_a326 с. : _b[9] л. ил., портр. |
||
| 440 | 0 | _aПамятники отечественной науки. ХХ век / Рос. акад. наук, Науч. совет Программы фундаментальных исслед. Президиума РАН "Изд. тр. выдающихся ученых" | |
| 504 | _aБиблиогр.: с. 286-305 и в конце разд. | ||
| 650 | 1 | 4 | _aБиология |
| 653 | 0 | _aЭволюционное учение | |
| 653 | 0 | _aБотаника - Происхождение и эволюция растений (Филогенез) | |
| 700 | 1 |
_aВельгорская, Т.В. _eсост. _4com |
|
| 700 | 1 |
_aЯрмишко, В.Т. _eред. _4edt |
|
| 090 | _c235220 | ||
| 999 |
_c233660 _d233660 |
||